| 000 | 01039nas a2200337 4500 | ||
|---|---|---|---|
| 001 | BR2017000552 | ||
| 003 | BR-BrBNA | ||
| 005 | 20231205130835.0 | ||
| 007 | ta | ||
| 008 | 230509b bl.|||p| |||| 00| 00por d | ||
| 040 |
_aBR-BrBNA _bpor _cBiblioteca Nacional de Agricultura |
||
| 041 | _a(En) | ||
| 072 | _aL51 | ||
| 100 | 1 | _aAraújo Neto, J.C. de | |
| 100 | 1 | _aFernandes, F.Y.B. | |
| 100 | 1 | _aPimentel, J.C.M. | |
| 100 | 1 | _aVasconcelos, V.R. | |
| 100 | 1 | _aAzevedo, M.M.R. | |
| 245 | 1 | _aNutricional value of whole coconut, coconut powder, and coconut fiber treated with sodium hydroxide for sheep | |
| 650 | _aOVINO | ||
| 650 | _aDIETA | ||
| 650 | _aCOCO | ||
| 650 | _aCOMPOSIÇÃO QUÍMICA | ||
| 650 | _aDIGESTIBILIDADE APARENTE | ||
| 650 | _aCONVERSÃO ALIMENTAR | ||
| 650 | _aGANHO DE PESO | ||
| 650 | _aVALOR NUTRITIVO | ||
| 773 | 0 |
_tCiência e Agrotecnologia (Brazil) _xISSN 1413-7054 _g(Jul-Aug 2016), v. 40(4) p. 475-483 _wBR2017000552 |
|
| 909 |
_a202311 _bLúcia _c55 _dLúcia Elande |
||
| 942 |
_2AGRIS _n0 _cANA |
||
| 999 |
_c251581 _d251581 |
||